000
00322nam a22001457a 4500
003
OSt
005
20220114102041.0
008
220114b |||||||| |||| 00| 0 eng d
020
_a
9788126508365
040
_c
HU
082
_a
551.49
100
_a
Todd
_9
27807
245
_a
Groundwater Hydrology
942
_2
ddc
_c
BOOKS
_n
0
999
_c
27002
_d
27002